000 00982nam a2200265Ia 4500
003 OSt
005 20221005104353.0
006 a|||||r|||| 00| 0
007 ta
008 221004b |||||||| |||| 00| 0 san d
020 _a9789350501863 (hbk)
_c995
024 _a22513
037 _b286, 11/03/2015, Eastern Book Linkers
_cTextual
040 _aCRL
_cCRL
_bsan
041 _2san
_asan
082 _aO15,1N39,VK, Q5
100 _aशुक्ल, हीरालाल
245 0 _aवंचित जनसंघर्ष कथा
246 _aVanchit janasangharṣha kathā
260 _aदिल्ली
_bबी. आर. पब्लिशिंग कोर्पोरेशन भारत
_c2015
300 _a272पृ0
_ccm.
650 _aसंस्कृत साहित्य
942 _hO15,1N39,VK, Q5
_cTEXL
_2cc
999 _c1012491
_d1012491